| 000 | 00861nam a22001337a 4500 | ||
|---|---|---|---|
| 040 | _cRUA | ||
| 082 | _aAED IE 2017 B657 Or.1 | ||
| 100 | _aIE SEAKLEANG អៀ សៀកលៀង | ||
| 245 | _asituation of saving utilization of samaki kraing serei angricultural cooperative district,commune, phnom srouch district, kompong speu province ស្ថានភាពនៃការប្រើប្រាស់ប្រាក់សន្សំរបស់ប្រជាសហគមន៍កសិកម្មសាមគ្គី ក្រាំងសេរី ឃុំគិរីវង្គ ស្រុកភ្នំស្រួច ខេត្តកំពង់ស្ពឺ | ||
| 260 |
_aRUA _bPhnom penh _c2017 |
||
| 300 |
_ax;44p _bill; _c29cm |
||
| 856 | _uhttps://drive.google.com/file/d/1wK0Kltp602BxoNS3CSYBVQ1L1HYlPoIm/view?usp=sharing | ||
| 942 | _cAED | ||
| 999 |
_c18732 _d18732 |
||